All Countries - Rank in Country size - Statistics

General Stats
  • This quiz has been taken 317 times
  • The average score is 35 of 196
Answer Stats
Country Rank % Correct
China 3
77%
Australia 6
77%
Canada 2
75%
Argentina 8
75%
Brazil 5
72%
Algeria 10
69%
Russia 1
65%
United States 4
65%
India 7
59%
Afghanistan 40
57%
Democratic Republic of the Congo 11
54%
Angola 22
54%
Kazakhstan 9
52%
Vatican City 196
49%
Andorra 180
47%
Mexico 13
44%
Iran 17
43%
Indonesia 14
41%
Antigua and Barbuda 183
41%
Monaco 195
40%
Chad 20
39%
Colombia 25
37%
Mongolia 18
35%
San Marino 192
35%
France 41
35%
Saudi Arabia 12
34%
Barbados 184
32%
Bolivia 27
32%
Chile 37
32%
Sudan 15
31%
Germany 62
30%
Libya 16
29%
Bahrain 174
29%
Peru 19
29%
Egypt 29
28%
Albania 141
27%
Bahamas 156
27%
Burma 39
26%
Saint Lucia 179
25%
Saint Vincent and the Grenadines 185
25%
Nauru 194
25%
Mali 23
25%
Mauritania 28
25%
Pakistan 33
25%
Comoros 171
24%
Saint Kitts and Nevis 189
24%
Liechtenstein 191
24%
South Africa 24
24%
Ethiopia 26
24%
Central African Republic 43
24%
Austria 113
23%
Cape Verde 167
23%
Niger 21
23%
Botswana 47
23%
Armenia 139
22%
Brunei 165
21%
Luxembourg 169
21%
Sao Tome and Principe 172
21%
Federated States of Micronesia 178
21%
Belarus 84
21%
Azerbaijan 112
20%
Singapore 177
20%
Malta 187
20%
Namibia 34
20%
Belgium 137
19%
Samoa 168
19%
Seychelles 182
19%
Tuvalu 193
19%
Nigeria 31
19%
Venezuela 32
19%
Madagascar 46
19%
Spain 51
19%
Bangladesh 92
19%
Belize 148
18%
Fiji 152
18%
East Timor 155
18%
Dominica 175
18%
Marshall Islands 190
18%
Mozambique 35
18%
Bhutan 133
17%
Djibouti 147
17%
Japan 61
17%
Benin 100
16%
Bulgaria 103
16%
Palau 181
16%
Turkey 36
16%
Finland 65
16%
Italy 72
16%
Maldives 188
15%
Ukraine 45
15%
Cameroon 53
15%
Bosnia and Herzegovina 125
14%
Burundi 143
14%
Vanuatu 158
14%
Tonga 176
14%
Tanzania 30
14%
Zambia 38
14%
Iraq 58
14%
Burkina Faso 74
14%
United Kingdom 78
14%
Costa Rica 126
13%
Cyprus 164
13%
Kiribati 173
13%
South Sudan 44
13%
Poland 70
13%
Cambodia 88
13%
Mauritius 170
12%
Qatar 159
11%
Kenya 48
11%
Papua New Guinea 54
11%
Sweden 55
11%
Cote d'Ivoire 69
11%
Cuba 104
10%
Grenada 186
10%
Thailand 50
10%
Uzbekistan 56
10%
Morocco 57
10%
Croatia 124
9%
Zimbabwe 60
9%
Philippines 63
9%
Norway 68
9%
Ecuador 73
9%
Czech Republic 115
8%
Dominican Republic 128
8%
Denmark 130
8%
Equatorial Guinea 142
8%
El Salvador 149
8%
Gambia 160
8%
Somalia 42
8%
Yemen 49
8%
Greece 95
8%
Iceland 106
7%
Estonia 129
7%
Solomon Islands 140
7%
Kuwait 153
7%
Turkmenistan 52
7%
Vietnam 66
7%
Malaysia 67
7%
Gabon 76
7%
Ghana 80
7%
Romania 81
7%
Hungary 108
6%
Lesotho 138
6%
Montenegro 157
6%
Kosovo 162
6%
Trinidad and Tobago 166
6%
Paraguay 59
6%
New Zealand 75
6%
Eritrea 99
6%
Guatemala 105
5%
Portugal 109
5%
Georgia 119
5%
Haiti 144
5%
Macedonia 146
5%
Israel 150
5%
Republic of the Congo 64
5%
Oman 71
5%
Honduras 101
4%
Ireland 118
4%
Lithuania 121
4%
Latvia 122
4%
Guinea-Bissau 135
4%
Lebanon 163
4%
Guinea 77
4%
Laos 82
4%
Guyana 83
4%
Uruguay 89
4%
Malawi 98
4%
Liberia 102
3%
Jordan 110
3%
Netherlands 131
3%
Jamaica 161
3%
Uganda 79
3%
Nepal 93
3%
North Korea 97
3%
Serbia 111
2%
United Arab Emirates 114
2%
Togo 123
2%
Slovakia 127
2%
Switzerland 132
2%
Moldova 136
2%
Rwanda 145
2%
Kyrgyzstan 85
2%
Senegal 86
2%
Tunisia 91
2%
South Korea 107
1%
Panama 116
1%
Sierra Leone 117
1%
Sri Lanka 120
1%
Taiwan 134
1%
Slovenia 151
1%
Swaziland 154
1%
Syria 87
1%
Suriname 90
1%
Tajikistan 94
1%
Nicaragua 96
1%
No matching quizzes found
Score Distribution
Percent of People with Each Score
Percentile by Number Answered
Your Score History
You have not taken this quiz